000
00240nam a2200097Ia 4500
001
692980
005
20250826161905.0
008
250824s9999 xx 000 0 und d
245
0
_a
KAR KOKUSU/A.ÜMİT/EVEREST
_c
AHMET ÜMİT
260
_b
EVEREST
999
_c
692980
_d
692980